000 01157nam0a22002411 4500
001 rc\473544
005 20260407083516.0
035 _a(NLR Aleph) 005716924
090 _a7437400
_c7437400
100 _a20030616d1988 |||y0rusy50 ca
101 0 _arus
102 _aRU
105 _ay |||||||||
200 1 _aКомплексный метод санитарно-микробиологического контроля аэрогенной внутрибольничной инфекции в лечебных отделениях высокого риска
_eМетод. рекомендации
_fМ-во здравоохранения СССР, Гл. упр. лечеб.-профилакт. помощи
_g[Сост. Пожарским Г.О.]
210 _aМ.
_cБ. и.
_d1988
215 _a10 с.
_d20
702 1 _aПожарский
_bГ.О.
_gГеннадий Олегович
_4220
712 0 1 _aСССР
_bГлавное управление лечебно-профилактической помощи
_3RU\NLR\AUTH\8810569
_9293726
801 0 _aRU
_bNLR
_gpsbo
801 1 _aRU
_bELAR
_2rusmarc
852 _aNLR
_j88-4/15634
942 _cBOOK
980 _aNB